Most WWE Royal Rumble Eliminations - Statistics

General Stats
  • This quiz has been taken 138 times
  • The average score is 13 of 16
Answer Stats
Hint Answer % Correct
45 Kane
97%
39 Shawn Michaels
97%
40 The Undertaker
97%
32 Triple H
96%
25 John Cena
93%
29 Randy Orton
93%
32 Roman Reigns
92%
36 Steve Austin
91%
32 Big Show
89%
32 Brock Lesnar
84%
27 Hulk Hogan
81%
25 Edge
77%
34 Braun Strowman
73%
19 Chris Jericho
69%
18 CM Punk
53%
18 Cody Rhodes
46%
No matching quizzes found
Score Distribution
Percent of People with Each Score
Percentile by Number Answered
Your Score History
You have not taken this quiz